[Event "Hessen-chB"]
[Site "Marburg"]
[Date "2006.04.14"]
[Round "6.9"]
[White "Mittendorf, Frank"]
[Black "Ferozkohi, Ihsan"]
[Result "1/2-1/2"]
[WhiteElo "2196"]
[BlackElo "1847"]
[PlyCount "58"]
[EventDate "2006.04.13"]
[EventType "swiss"]
[EventRounds "7"]
[EventCountry "GER"]
[SourceTitle "EXT 2007"]
[Source "ChessBase"]
[SourceDate "2006.11.23"]
[SourceVersion "1"]
[SourceVersionDate "2006.11.23"]
[SourceQuality "1"]

1. e4 d5 2. exd5 Qxd5 3. Nc3 Qa5 4. Bc4 Nf6 5. d3 Nc6 6. Bd2 Qe5+ 7. Nge2 Bg4 8. f3 Be6 9. Bf4 Qa5 10. Bxe6 fxe6 11. Bd2 0-0-0 12. 0-0 e5 13. a3 Nd4 14. Kh1 h5 15. b4 Qb6 16. Na4 Qc6 17. Nc5 e6 18. Nxd4 exd4 19. Ne4 Nxe4 20. fxe4 Be7 21. Bf4 Rdf8 22. Qd2 Rf7 23. Be5 Bf6 24. Rf3 Qb5 25. Bxf6 Rxf6 26. Raf1 Rhf8 27. Rxf6 Rxf6 28. Rxf6 gxf6 29. g3 Kd7 1/2-1/2

[Event "Hessen-chB"]
[Site "Marburg"]
[Date "2006.04.13"]
[Round "1.4"]
[White "Ottinger, Ruediger"]
[Black "Mittendorf, Frank"]
[Result "1/2-1/2"]
[WhiteElo "1733"]
[BlackElo "2196"]
[PlyCount "35"]
[EventDate "2006.04.13"]
[EventType "swiss"]
[EventRounds "7"]
[EventCountry "GER"]
[SourceTitle "EXT 2007"]
[Source "ChessBase"]
[SourceDate "2006.11.23"]
[SourceVersion "1"]
[SourceVersionDate "2006.11.23"]
[SourceQuality "1"]

1. d4 Nf6 2. Nf3 d5 3. c4 e6 4. Nc3 Be7 5. cxd5 exd5 6. Bg5 0-0 7. Qc2 Be6 8. e3 Nbd7 9. Bd3 Rc8 10. 0-0 h6 11. Bh4 c5 12. Rac1 Bg4 13. Ne5 cxd4 14. exd4 Be6 15. f4 Nxe5 16. fxe5 Nd7 17. Bxe7 Qxe7 18. Qd2 1/2-1/2

[Event "Bad Zwesten op 10th"]
[Site "Bad Zwesten"]
[Date "2006.01.05"]
[Round "5"]
[White "Gutman, Lev"]
[Black "Mittendorf, Frank"]
[Result "1-0"]
[WhiteElo "2455"]
[BlackElo "2206"]
[PlyCount "81"]
[EventDate "2006.01.02"]
[EventType "swiss"]
[EventRounds "9"]
[EventCountry "GER"]
[SourceTitle "CBM 110 Extra"]
[Source "ChessBase"]
[SourceDate "2006.03.10"]
[SourceVersion "2"]
[SourceVersionDate "2006.03.10"]
[SourceQuality "1"]

1. Nf3 Nf6 2. g3 g6 3. Bg2 Bg7 4. 0-0 d5 5. a4 0-0 6. a5 Nbd7 7. d4 Re8 8. c4 e6 9. Nc3 c6 10. Bf4 Nh5 11. Bg5 Qc7 12. Qb3 e5 13. dxe5 dxc4 14. Qxc4 Nxe5 15. Nxe5 Qxe5 16. Be3 Rd8 17. a6 Be6 18. Qc5 Qxc5 19. Bxc5 bxa6 20. Rxa6 Rab8 21. Ba3 Rd2 22. Rxc6 Bxc3 23. Rxc3 Rxe2 24. Rd1 Bb3 25. Rdc1 Kg7 26. Bc5 Be6 27. Bd4+ Kf8 28. Rc7 a5 29. Bc3 Bb3 30. Bf3 Ree8 31. Bxa5 Ng7 32. Bc3 Ne6 33. Rd7 Ng5 34. Bd5 Bxd5 35. Rxd5 Ne4 36. Be5 Rbd8 37. Rxd8 Rxd8 38. f3 Nd2 39. Kf2 Nb3 40. Rc3 Nd4 41. Bf6 1-0

[Event "Bad Zwesten op 10th"]
[Site "Bad Zwesten"]
[Date "2006.01.03"]
[Round "3"]
[White "Donchenko, Anatoly G"]
[Black "Mittendorf, Frank"]
[Result "1-0"]
[WhiteElo "2460"]
[BlackElo "2206"]
[PlyCount "59"]
[EventDate "2006.01.02"]
[EventType "swiss"]
[EventRounds "9"]
[EventCountry "GER"]
[SourceTitle "CBM 110 Extra"]
[Source "ChessBase"]
[SourceDate "2006.03.10"]
[SourceVersion "2"]
[SourceVersionDate "2006.03.10"]
[SourceQuality "1"]

1. Nf3 Nf6 2. c4 c5 3. Nc3 g6 4. g3 Bg7 5. Bg2 0-0 6. 0-0 d6 7. d4 cxd4 8. Nxd4 Nc6 9. Nb3 Be6 10. c5 Bxb3 11. Qxb3 Na5 12. Qa3 dxc5 13. Qxc5 b6 14. Qb4 Rc8 15. Rd1 Qe8 16. Bf4 h6 17. Rac1 e5 18. Bd2 Qe6 19. Be1 Rfd8 20. Rxd8+ Rxd8 21. b3 Rd4 22. Qb5 Bf8 23. e3 Rd7 24. Rd1 Rxd1 25. Nxd1 Qd6 26. Nc3 Qc7 27. Nd5 Nxd5 28. Bxd5 Qc1 29. Qd7 Qxe1+ 30. Kg2 1-0

[Event "Bad Zwesten op 8th"]
[Site "Bad Zwesten"]
[Date "2004.01.05"]
[Round "5"]
[White "Mittendorf, Frank"]
[Black "Karpatchev, Aleksandr"]
[Result "0-1"]
[WhiteElo "2166"]
[BlackElo "2459"]
[PlyCount "76"]
[EventDate "2004.01.??"]
[EventType "swiss"]
[EventRounds "9"]
[EventCountry "GER"]
[SourceTitle "CBM 098 Extra"]
[Source "ChessBase"]
[SourceDate "2004.03.10"]
[SourceVersion "2"]
[SourceVersionDate "2004.03.10"]
[SourceQuality "1"]

1. c4 e5 2. Nc3 Nf6 3. g3 d5 4. cxd5 Nxd5 5. Bg2 Nb6 6. Nf3 Nc6 7. 0-0 Be7 8. Rb1 g5 9. b4 g4 10. Ne1 Nxb4 11. Nc2 Nc6 12. Bxc6+ bxc6 13. d4 f6 14. Qd3 Be6 15. Rd1 c5 16. d5 Bf7 17. Bh6 Bg6 18. e4 Qd7 19. Ne3 Nc8 20. Qe2 Nd6 21. Nxg4 Rg8 22. f3 Bh5 23. Nf2 f5 24. Bc1 fxe4 25. Nfxe4 Nf5 26. Be3 Kf7 27. d6 cxd6 28. Nxc5 Qc8 29. N5e4 Qc6 30. Nd5 Nh4 31. Nxe7 Kxe7 32. Bg5+ Rxg5 33. Nxg5 Nxf3+ 34. Nxf3 Bxf3 35. Qd3 Qc5+ 36. Kf1 Rf8 37. Ke1 Bxd1 38. Rxd1 Qf2# 0-1

[Event "Bad Zwesten op 8th"]
[Site "Bad Zwesten"]
[Date "2004.01.04"]
[Round "4"]
[White "Diehl, Klaus"]
[Black "Mittendorf, Frank"]
[Result "0-1"]
[WhiteElo "2085"]
[BlackElo "2166"]
[PlyCount "110"]
[EventDate "2004.01.??"]
[EventType "swiss"]
[EventRounds "9"]
[EventCountry "GER"]
[SourceTitle "CBM 098 Extra"]
[Source "ChessBase"]
[SourceDate "2004.03.10"]
[SourceVersion "2"]
[SourceVersionDate "2004.03.10"]
[SourceQuality "1"]

1. Nf3 Nf6 2. c4 c5 3. g3 b6 4. Bg2 Bb7 5. 0-0 e6 6. d3 Be7 7. Nbd2 0-0 8. b3 Qc7 9. Bb2 Nc6 10. Qc2 Rad8 11. Rac1 Qb8 12. Rfd1 Qa8 13. Ne5 Nb4 14. Bxb7 Qxb7 15. Qb1 d6 16. Nef3 Nd7 17. d4 f5 18. a3 Na6 19. Qd3 Nf6 20. Ng5 Nc7 21. dxc5 bxc5 22. Qe3 Ng4 23. Qf3 Qc8 24. h4 e5 25. Qc3 h6 26. Nh3 Bf6 27. Qc2 f4 28. Nf1 fxg3 29. Nxg3 Bxh4 30. Qe4 Nxf2 31. Nxf2 Bxg3 32. Nd3 Qh3 33. Qg2 Qxg2+ 34. Kxg2 Bf4 35. Nxf4 exf4 36. Kf3 Ne6 37. Rd3 Rf7 38. Rcd1 Rfd7 39. Be5 g5 40. Kg4 Kf7 41. Kh5 Nd4 42. Bxd4 cxd4 43. Rxd4 Ke6 44. Rd5 Rc8 45. Kxh6 Rg8 46. c5 g4 47. Rxd6+ Rxd6 48. Rxd6+ Ke7 49. Rd1 g3 50. Kh5 Kf6 51. c6 Kf5 52. Kh6 Rg6+ 53. Kh5 Rxc6 54. Rd8 Re6 55. Rf8+ Ke4 0-1

[Event "Bad Zwesten op 8th"]
[Site "Bad Zwesten"]
[Date "2004.01.03"]
[Round "3"]
[White "Mittendorf, Frank"]
[Black "Reinert, Jens"]
[Result "1-0"]
[WhiteElo "2166"]
[BlackElo "2024"]
[PlyCount "45"]
[EventDate "2004.01.??"]
[EventType "swiss"]
[EventRounds "9"]
[EventCountry "GER"]
[SourceTitle "CBM 098 Extra"]
[Source "ChessBase"]
[SourceDate "2004.03.10"]
[SourceVersion "2"]
[SourceVersionDate "2004.03.10"]
[SourceQuality "1"]

1. c4 e6 2. d4 d5 3. g3 Nf6 4. Bg2 c6 5. Nf3 Nbd7 6. Qc2 Be7 7. Nbd2 0-0 8. 0-0 b6 9. Rd1 Bb7 10. e4 Rc8 11. e5 Ne8 12. b3 c5 13. Bb2 dxc4 14. bxc4 cxd4 15. Ng5 Bxg5 16. Bxb7 Rc7 17. Be4 Bxd2 18. Rxd2 Nxe5 19. Rxd4 Rd7 20. Rad1 Nf6 21. Rxd7 Nexd7 22. Bxf6 gxf6 23. Bc6 1-0

[Event "Bad Zwesten op 7th"]
[Site "Bad Zwesten"]
[Date "2003.??.??"]
[Round "2"]
[White "Markowski, Tomasz"]
[Black "Mittendorf, Frank"]
[Result "1/2-1/2"]
[WhiteElo "2549"]
[BlackElo "2201"]
[PlyCount "114"]
[EventDate "2003.01.02"]
[EventType "swiss"]
[EventRounds "9"]
[EventCountry "GER"]
[SourceTitle "CBM 092 Extra"]
[Source "ChessBase"]
[SourceDate "2003.03.07"]
[SourceVersion "1"]
[SourceVersionDate "2003.03.07"]
[SourceQuality "1"]

1. g3 d5 2. Nf3 Nf6 3. Bg2 e6 4. 0-0 Be7 5. c4 0-0 6. d4 c6 7. b3 Nbd7 8. Bb2 b6 9. Qc2 Bb7 10. Nc3 Rc8 11. Rfd1 Qc7 12. e4 dxe4 13. Ng5 h6 14. Ngxe4 Nxe4 15. Nxe4 Nf6 16. Rac1 Rfd8 17. Qe2 Nxe4 18. Bxe4 c5 19. d5 exd5 20. cxd5 Bf8 21. Qf3 Qd6 22. h4 Rc7 23. h5 Bc8 24. Bc2 Re8 25. Kg2 Rce7 26. Bd3 Bd7 27. a4 Rd8 28. Rc4 Bc8 29. Rf4 Bb7 30. Bc4 a6 31. Qc3 b5 32. axb5 axb5 33. Bxb5 Bxd5+ 34. Kh2 Qb6 35. Qd3 Rb8 36. Qxd5 Qxb5 37. Rd3 Qb7 38. Qc4 Rbe8 39. Rdf3 Rd7 40. Qc3 Qd5 41. Rf5 Qd1 42. Rxc5 Re1 43. Kh3 Rd4 44. Qxe1 Qxe1 45. Bxd4 Bxc5 46. Bxc5 Qe5 47. b4 Qxh5+ 48. Kg2 Qd5 49. g4 f6 50. Kg3 Qe5+ 51. Kh3 h5 52. gxh5 Qxh5+ 53. Kg2 Qd5 54. Kg3 Qg5+ 55. Kh3 Qh5+ 56. Kg2 Qd5 57. Kg3 Qg5+ 1/2-1/2

[Event "Bad Zwesten op 7th"]
[Site "Bad Zwesten"]
[Date "2003.??.??"]
[Round "3"]
[White "Mittendorf, Frank"]
[Black "Lin, Ta"]
[Result "0-1"]
[WhiteElo "2201"]
[BlackElo "2361"]
[PlyCount "58"]
[EventDate "2003.01.02"]
[EventType "swiss"]
[EventRounds "9"]
[EventCountry "GER"]
[SourceTitle "CBM 092 Extra"]
[Source "ChessBase"]
[SourceDate "2003.03.07"]
[SourceVersion "1"]
[SourceVersionDate "2003.03.07"]
[SourceQuality "1"]

1. c4 f5 2. Nc3 Nf6 3. g3 d6 4. Bg2 e5 5. d4 e4 6. Nh3 Be7 7. 0-0 0-0 8. Nf4 c6 9. e3 Na6 10. a3 g5 11. Nfe2 d5 12. cxd5 cxd5 13. Bd2 Nc7 14. f3 exf3 15. Bxf3 Be6 16. Nc1 Ne4 17. Nd3 Bd6 18. Bg2 Qe7 19. Rc1 Rad8 20. Nxe4 dxe4 21. Nc5 Bd5 22. Rf2 Rf7 23. Bf1 f4 24. g4 Rdf8 25. Bc4 Bxc4 26. Rxc4 Nd5 27. Qe2 fxe3 28. Rxf7 Qxf7 29. Be1 Nf4 0-1

[Event "Bad Zwesten op 7th"]
[Site "Bad Zwesten"]
[Date "2003.??.??"]
[Round "4"]
[White "Mittendorf, Frank"]
[Black "Reinert, Jens"]
[Result "1-0"]
[WhiteElo "2201"]
[BlackElo "2031"]
[PlyCount "49"]
[EventDate "2003.01.02"]
[EventType "swiss"]
[EventRounds "9"]
[EventCountry "GER"]
[SourceTitle "CBM 092 Extra"]
[Source "ChessBase"]
[SourceDate "2003.03.07"]
[SourceVersion "1"]
[SourceVersionDate "2003.03.07"]
[SourceQuality "1"]

1. c4 e6 2. d4 d5 3. g3 Nf6 4. Bg2 Be7 5. Nf3 Nbd7 6. 0-0 0-0 7. Qc2 c6 8. Nbd2 b6 9. Rd1 Bb7 10. e4 dxe4 11. Nxe4 Rc8 12. Bf4 Nxe4 13. Qxe4 Nf6 14. Qe2 Bd6 15. Ne5 Qe7 16. Rd3 Rfe8 17. Rad1 h6 18. Qd2 Kh7 19. g4 Rg8 20. Rh3 Bxe5 21. Bxh6 Bxh2+ 22. Rxh2 Nh5 23. Rxh5 f6 24. Be4+ g6 25. Bf8# 1-0

[Event "Bad Zwesten op 7th"]
[Site "Bad Zwesten"]
[Date "2003.??.??"]
[Round "6"]
[White "Mittendorf, Frank"]
[Black "Xu, Yuanyuan"]
[Result "0-1"]
[WhiteElo "2201"]
[BlackElo "2335"]
[PlyCount "78"]
[EventDate "2003.01.02"]
[EventType "swiss"]
[EventRounds "9"]
[EventCountry "GER"]
[SourceTitle "CBM 092 Extra"]
[Source "ChessBase"]
[SourceDate "2003.03.07"]
[SourceVersion "1"]
[SourceVersionDate "2003.03.07"]
[SourceQuality "1"]

1. d4 d5 2. c4 c6 3. Nf3 Nf6 4. Nc3 dxc4 5. a4 Bf5 6. e3 e6 7. Bxc4 Bb4 8. 0-0 Nbd7 9. Qe2 Bg6 10. Rd1 Qa5 11. Bd2 Qh5 12. Qe1 0-0 13. Ne2 Bd6 14. Bb4 Bxb4 15. Qxb4 c5 16. Qb3 cxd4 17. Nf4 Qa5 18. Nxg6 hxg6 19. Rxd4 a6 20. Rad1 Nc5 21. Qa3 Rac8 22. Bf1 Nce4 23. Qd3 e5 24. Rc4 Rcd8 25. Qc2 Rxd1 26. Qxd1 b5 27. Rc6 Ng4 28. Qd5 Qxa4 29. Nxe5 Ngf6 30. Qd3 Qa5 31. f3 Nd2 32. Be2 Rd8 33. Qc2 Nd5 34. Rc8 Nxe3 35. Qc6 Ndc4 36. Rxd8+ Qxd8 37. Qb7 Nxe5 38. Qxa6 Nd1 39. Qxb5 Qd4+ 0-1

[Event "Baunatal op 8th"]
[Site "Baunatal"]
[Date "2002.08.10"]
[Round "4"]
[White "Denger, Philipp"]
[Black "Mittendorf, Frank"]
[Result "1/2-1/2"]
[WhiteElo "1862"]
[BlackElo "2175"]
[PlyCount "53"]
[EventDate "2002.08.09"]
[EventType "swiss"]
[EventRounds "7"]
[EventCountry "GER"]
[SourceTitle "EXT 2003"]
[Source "ChessBase"]
[SourceDate "2002.11.25"]
[SourceVersion "1"]
[SourceVersionDate "2002.11.25"]
[SourceQuality "1"]

1. Nf3 Nf6 2. g3 d5 3. Bg2 e6 4. d4 Be7 5. 0-0 0-0 6. Nbd2 b6 7. c4 Bb7 8. b3 Nbd7 9. Bb2 Re8 10. Rc1 Rc8 11. Qc2 dxc4 12. Qxc4 c5 13. e3 cxd4 14. Qxd4 Nc5 15. Qxd8 Rcxd8 16. Bd4 Ba6 17. Nc4 Nd3 18. Rcd1 Nb4 19. Nfe5 Rc8 20. a4 Red8 21. Bc3 Nfd5 22. Bxb4 Nxb4 23. Bh3 Bf6 24. Rfe1 Nc2 25. Rxd8+ Rxd8 26. Rc1 Nb4 27. Bf1 1/2-1/2

[Event "Baunatal op 8th"]
[Site "Baunatal"]
[Date "2002.08.09"]
[Round "1"]
[White "Mittendorf, Frank"]
[Black "Poetsch, Gero"]
[Result "1-0"]
[WhiteElo "2175"]
[BlackElo "1705"]
[PlyCount "49"]
[EventDate "2002.08.09"]
[EventType "swiss"]
[EventRounds "7"]
[EventCountry "GER"]
[SourceTitle "EXT 2003"]
[Source "ChessBase"]
[SourceDate "2002.11.25"]
[SourceVersion "1"]
[SourceVersionDate "2002.11.25"]
[SourceQuality "1"]

1. d4 c5 2. Nf3 Nf6 3. c4 cxd4 4. Nxd4 e5 5. Nb5 d5 6. cxd5 Bc5 7. e3 0-0 8. N5c3 e4 9. Be2 Nbd7 10. Nd2 Re8 11. 0-0 Nb6 12. Qc2 Bf5 13. Nb3 Rc8 14. Nxc5 Rxc5 15. b4 Rc8 16. Qb3 Nfxd5 17. Bb2 Nxc3 18. Bxc3 Qg5 19. Rfd1 Re6 20. Rac1 Rh6 21. Be5 Rxc1 22. Rxc1 Rg6 23. Bg3 Qe7 24. Rc7 Be6 25. Rxe7 1-0

[Event "Baunatal op 8th"]
[Site "Baunatal"]
[Date "2002.08.09"]
[Round "2"]
[White "Von Kiedrowski, Klemens"]
[Black "Mittendorf, Frank"]
[Result "1-0"]
[WhiteElo "2043"]
[BlackElo "2175"]
[PlyCount "67"]
[EventDate "2002.08.09"]
[EventType "swiss"]
[EventRounds "7"]
[EventCountry "GER"]
[SourceTitle "EXT 2003"]
[Source "ChessBase"]
[SourceDate "2002.11.25"]
[SourceVersion "1"]
[SourceVersionDate "2002.11.25"]
[SourceQuality "1"]

1. d4 d5 2. Nc3 Nf6 3. Bg5 h6 4. Bh4 Bf5 5. f3 Nbd7 6. Nxd5 Nxd5 7. e4 Ne3 8. Qd3 Nxf1 9. exf5 c6 10. Kxf1 Qa5 11. Ne2 0-0-0 12. Kf2 Rg8 13. Rhb1 g6 14. fxg6 Rxg6 15. b4 Qh5 16. Bg3 e5 17. dxe5 Qg5 18. f4 Qe7 19. Qe3 Nb6 20. a4 Kb8 21. Qb3 h5 22. a5 Nd5 23. Kf1 h4 24. Be1 Bh6 25. Qf3 Rdg8 26. g3 Qd7 27. c4 Qh3+ 28. Kg1 hxg3 29. hxg3 Ne7 30. b5 Nf5 31. bxc6 Nxg3 32. c7+ Kc8 33. Qxb7+ Kd7 34. c8Q# 1-0

[Event "Hessen-ch"]
[Site "Bruchkoebel"]
[Date "2002.03.30"]
[Round "11"]
[White "Schnitzspan, Lothar"]
[Black "Mittendorf, Frank"]
[Result "1-0"]
[WhiteElo "2341"]
[BlackElo "2209"]
[PlyCount "163"]
[EventDate "2002.03.22"]
[EventType "tourn"]
[EventRounds "11"]
[EventCountry "GER"]
[EventCategory "1"]
[SourceTitle "EXT 2003"]
[Source "ChessBase"]
[SourceDate "2002.11.25"]
[SourceVersion "1"]
[SourceVersionDate "2002.11.25"]
[SourceQuality "1"]

1. c4 c5 2. Nc3 Nc6 3. g3 g6 4. Bg2 Bg7 5. a3 Nf6 6. Rb1 d6 7. b4 Bf5 8. d3 Qd7 9. Qa4 0-0 10. bxc5 dxc5 11. Rxb7 Qxb7 12. Bxc6 Qc8 13. Bxa8 Qxa8 14. f3 Rb8 15. e4 Bd7 16. Qc2 Qb7 17. Nge2 Bh3 18. Rg1 h5 19. Be3 Nd7 20. Kf2 Qb3 21. Qd2 Qxa3 22. Nb5 Qa6 23. Rb1 Rb6 24. Nf4 Be6 25. Nc7 Qa3 26. Rxb6 axb6 27. Ncxe6 fxe6 28. Nxg6 Kf7 29. Nf4 Bc3 30. Qc2 Nf6 31. Qb1 e5 32. Ne2 Bb4 33. Qc2 Nd7 34. Bc1 Qa5 35. Qb2 Ke6 36. Bh6 Nb8 37. Qc1 Nc6 38. Qg5 Qa2 39. Qg6+ Kd7 40. Qf5+ Kc7 41. f4 Qd2 42. Qxh5 Qxd3 43. Bg7 Qxe4 44. Bxe5+ Nxe5 45. Qxe5+ Qxe5 46. fxe5 b5 47. cxb5 Kb6 48. Ke3 Kxb5 49. g4 Kc6 50. g5 Kd7 51. g6 Ke8 52. e6 Kf8 53. h4 Kg7 54. h5 Kh6 55. Kd3 Be1 56. Kc4 Bf2 57. Kd5 Kg7 58. Nf4 Bd4 59. Nd3 Kh6 60. Nxc5 Bg7 61. Ke4 Kxh5 62. Kf5 Kh6 63. Nd3 Bd4 64. Nf4 Kg7 65. Nd5 Bc5 66. Kg5 Ba3 67. Kh5 Bc5 68. Nc7 Bd4 69. Ne8+ Kg8 70. Nd6 Bc5 71. Nf5 Ba3 72. Kg4 Kf8 73. Kf4 Bb2 74. Ke4 Bf6 75. Kd5 Bg5 76. Kc6 Bf6 77. Kd7 Bg5 78. Kc8 Bf6 79. Kd8 Bg5 80. Kd7 Bf6 81. Nxe7 Kg7 82. Nd5 1-0

[Event "Hessen-ch"]
[Site "Bruchkoebel"]
[Date "2002.03.28"]
[Round "9"]
[White "Uwira, Oliver"]
[Black "Mittendorf, Frank"]
[Result "1-0"]
[WhiteElo "2173"]
[BlackElo "2209"]
[PlyCount "105"]
[EventDate "2002.03.22"]
[EventType "tourn"]
[EventRounds "11"]
[EventCountry "GER"]
[EventCategory "1"]
[SourceTitle "EXT 2003"]
[Source "ChessBase"]
[SourceDate "2002.11.25"]
[SourceVersion "1"]
[SourceVersionDate "2002.11.25"]
[SourceQuality "1"]

1. d4 d5 2. c4 c6 3. Nf3 Nf6 4. Nc3 e6 5. e3 Nbd7 6. Qc2 Bd6 7. g4 dxc4 8. Bxc4 b5 9. Bd3 Bb7 10. g5 Nd5 11. Ne4 Be7 12. a3 Qb6 13. Qe2 a5 14. Ng3 0-0 15. e4 Nc7 16. e5 c5 17. Ne4 cxd4 18. Nf6+ Bxf6 19. gxf6 Bxf3 20. Qxf3 Nxe5 21. Bxh7+ Kxh7 22. Qh5+ Kg8 23. fxg7 Ng6 24. gxf8Q+ Rxf8 25. Bh6 Rd8 26. Rg1 e5 27. 0-0-0 Qe6 28. Rg3 Nd5 29. Rdg1 Rc8+ 30. Kd1 Nde7 31. h4 Rc6 32. Qg5 Nf5 33. Rf3 Ne3+ 34. Rxe3 dxe3 35. Qxe3 Qa2 36. Qxe5 Qb1+ 37. Ke2 Qc2+ 38. Kf3 Qd3+ 39. Be3 Re6 40. Qc5 Kh7 41. Qh5+ Kg8 42. Rg4 Qd1+ 43. Kg2 Qe2 44. Kh2 Qc2 45. Bd4 Qc7+ 46. Rg3 Kf8 47. Qc5+ Qxc5 48. Bxc5+ Ke8 49. Kh3 Kd7 50. Be3 Re5 51. Rg5 Re4 52. h5 Ne5 53. h6 1-0

[Event "Hessen-ch"]
[Site "Bruchkoebel"]
[Date "2002.03.26"]
[Round "7"]
[White "Roeschlau, Bernd"]
[Black "Mittendorf, Frank"]
[Result "1-0"]
[WhiteElo "2287"]
[BlackElo "2209"]
[PlyCount "65"]
[EventDate "2002.03.22"]
[EventType "tourn"]
[EventRounds "11"]
[EventCountry "GER"]
[EventCategory "1"]
[SourceTitle "EXT 2003"]
[Source "ChessBase"]
[SourceDate "2002.11.25"]
[SourceVersion "1"]
[SourceVersionDate "2002.11.25"]
[SourceQuality "1"]

1. d4 d5 2. c4 c6 3. Nf3 Nf6 4. Nc3 e6 5. Bg5 Be7 6. e3 h6 7. Bh4 0-0 8. Qc2 Nbd7 9. a3 Re8 10. Be2 dxc4 11. Bxc4 Nd5 12. Bg3 Nxc3 13. bxc3 Bf6 14. 0-0 Qe7 15. e4 e5 16. Qa2 Qf8 17. Rfe1 b5 18. Bf1 a6 19. c4 Bb7 20. Qb2 Qe7 21. a4 c5 22. dxe5 Nxe5 23. Bxe5 Bxe5 24. Qxe5 Qxe5 25. Nxe5 Rxe5 26. axb5 axb5 27. Rxa8+ Bxa8 28. cxb5 Rxe4 29. Rxe4 Bxe4 30. b6 Bb7 31. Be2 c4 32. Kf1 c3 33. Ke1 1-0

[Event "Bad Zwesten op 6th"]
[Site "Bad Zwesten"]
[Date "2002.01.10"]
[Round "9"]
[White "Stein, Marco"]
[Black "Mittendorf, Frank"]
[Result "1/2-1/2"]
[WhiteElo "2078"]
[BlackElo "2209"]
[PlyCount "35"]
[EventDate "2002.01.04"]
[EventType "swiss"]
[EventRounds "9"]
[EventCountry "GER"]
[SourceTitle "CBM 086 Extra"]
[Source "ChessBase"]
[SourceDate "2002.03.14"]
[SourceVersion "1"]
[SourceVersionDate "2002.03.14"]
[SourceQuality "1"]

1. d4 d5 2. c4 c6 3. e3 Nf6 4. Nf3 Bf5 5. Nc3 e6 6. Bd3 Bxd3 7. Qxd3 Nbd7 8. 0-0 Be7 9. e4 dxe4 10. Nxe4 Nxe4 11. Qxe4 0-0 12. Be3 Re8 13. Ne5 Nf8 14. Rfd1 Bd6 15. Qf3 f6 16. Nd3 Qe7 17. Qh5 Ng6 18. f4 1/2-1/2

[Event "Bad Zwesten op 6th"]
[Site "Bad Zwesten"]
[Date "2002.01.07"]
[Round "6"]
[White "Mittendorf, Frank"]
[Black "Mentel, Juergen"]
[Result "1/2-1/2"]
[WhiteElo "2209"]
[BlackElo "1985"]
[PlyCount "52"]
[EventDate "2002.01.04"]
[EventType "swiss"]
[EventRounds "9"]
[EventCountry "GER"]
[SourceTitle "CBM 086 Extra"]
[Source "ChessBase"]
[SourceDate "2002.03.14"]
[SourceVersion "1"]
[SourceVersionDate "2002.03.14"]
[SourceQuality "1"]

1. d4 d6 2. e4 Nf6 3. Nc3 c6 4. Nf3 Bg4 5. Be2 e6 6. 0-0 Be7 7. Be3 d5 8. exd5 cxd5 9. h3 Bh5 10. Nb1 0-0 11. Nbd2 Nc6 12. c3 Bd6 13. Bg5 Be7 14. Re1 Ne8 15. Bxe7 Qxe7 16. Nf1 Bg6 17. Bd3 Bxd3 18. Qxd3 Nd6 19. Ng3 Rac8 20. Re2 Qf6 21. Ne5 Rfd8 22. Re3 a6 23. Qe2 Qh4 24. Rf1 b5 25. f4 Ne7 26. Qg4 Qxg4 1/2-1/2

[Event "Bad Zwesten op 6th"]
[Site "Bad Zwesten"]
[Date "2002.01.07"]
[Round "5"]
[White "Niemers, Johannes"]
[Black "Mittendorf, Frank"]
[Result "1/2-1/2"]
[WhiteElo "2003"]
[BlackElo "2209"]
[PlyCount "45"]
[EventDate "2002.01.04"]
[EventType "swiss"]
[EventRounds "9"]
[EventCountry "GER"]
[SourceTitle "CBM 086 Extra"]
[Source "ChessBase"]
[SourceDate "2002.03.14"]
[SourceVersion "1"]
[SourceVersionDate "2002.03.14"]
[SourceQuality "1"]

1. e4 d6 2. d4 Nf6 3. f3 g6 4. Bc4 c6 5. Bb3 Bg7 6. Ne2 0-0 7. 0-0 b5 8. a4 b4 9. c3 Na6 10. Be3 Rb8 11. c4 Nc7 12. g4 d5 13. cxd5 cxd5 14. e5 Nd7 15. Nd2 a5 16. Rf2 Bb7 17. f4 f5 18. g5 Rc8 19. Rf3 e6 20. h4 Kf7 21. h5 Rh8 22. Rh3 Nb6 23. Kf2 1/2-1/2

[Event "Bad Zwesten op 6th"]
[Site "Bad Zwesten"]
[Date "2002.01.05"]
[Round "3"]
[White "Mueller, Manfred"]
[Black "Mittendorf, Frank"]
[Result "1/2-1/2"]
[WhiteElo "1882"]
[BlackElo "2209"]
[PlyCount "71"]
[EventDate "2002.01.04"]
[EventType "swiss"]
[EventRounds "9"]
[EventCountry "GER"]
[SourceTitle "CBM 086 Extra"]
[Source "ChessBase"]
[SourceDate "2002.03.14"]
[SourceVersion "1"]
[SourceVersionDate "2002.03.14"]
[SourceQuality "1"]

1. c4 c5 2. Nf3 Nc6 3. Nc3 g6 4. e3 Bg7 5. d4 cxd4 6. exd4 d6 7. Be2 Bg4 8. Be3 Nf6 9. h3 Bxf3 10. Bxf3 0-0 11. 0-0 a6 12. Be2 Rc8 13. Rc1 d5 14. Qd2 dxc4 15. Bxc4 Na5 16. Be2 Nc4 17. Bxc4 Rxc4 18. b3 Rc8 19. d5 Qa5 20. Rfd1 Rfd8 21. Ne4 Qxd2 22. Nxf6+ Bxf6 23. Bxd2 Kg7 24. Kf1 Rxc1 25. Bxc1 Be5 26. Ba3 Bd6 27. Bb2+ f6 28. Ke2 Bc5 29. f3 Kf8 30. a3 Ke8 31. b4 Bd6 32. Bd4 Rc8 33. Kd3 Kd7 34. Rd2 Rc1 35. Rc2 Rd1+ 36. Rd2 1/2-1/2

[Event "Baunatal op 7th"]
[Site "Baunatal"]
[Date "2001.08.15"]
[Round "7"]
[White "Mittendorf, Frank"]
[Black "Ramme, Christoph"]
[Result "1-0"]
[WhiteElo "2139"]
[BlackElo "1815"]
[PlyCount "67"]
[EventDate "2001.08.08"]
[EventType "swiss"]
[EventRounds "7"]
[EventCountry "GER"]
[SourceTitle "EXT 2002"]
[Source "ChessBase"]
[SourceDate "2001.11.25"]
[SourceVersion "1"]
[SourceVersionDate "2001.11.25"]
[SourceQuality "1"]

1. d4 Nf6 2. c4 c5 3. Nf3 e6 4. g3 b6 5. Bg2 Bb7 6. d5 exd5 7. Nh4 g6 8. cxd5 d6 9. Nc3 Bg7 10. 0-0 0-0 11. e4 Nbd7 12. Re1 a6 13. a4 Ne8 14. Nf3 Rb8 15. Bg5 f6 16. Be3 Nc7 17. Qc2 b5 18. axb5 axb5 19. Bh3 Bc8 20. Ra7 Ne5 21. Nxe5 fxe5 22. Bxc8 Qxc8 23. b4 c4 24. Rea1 Rb7 25. Rxb7 Qxb7 26. Ra7 Qb8 27. Qa2 Bf6 28. Qa5 Rc8 29. Bb6 Bd8 30. Kg2 Kf8 31. Bxc7 Bxc7 32. Qa6 Bd8 33. Rb7 Qa8 34. Qxd6+ 1-0